<?xml version="1.0" encoding="UTF-8"?>
<marc:record xmlns:marc="http://www.loc.gov/MARC21/slim">
   <marc:leader>00000nam a2200000 a 4500</marc:leader>
   <marc:datafield ind1="1" ind2=" " tag="100">
      <marc:subfield code="a">Setterfield, Diane</marc:subfield>
      <marc:subfield code="4">aut</marc:subfield>
      <marc:subfield code="e">Verfasser/-in</marc:subfield>
   </marc:datafield>
   <marc:datafield ind1=" " ind2=" " tag="653">
      <marc:subfield code="a">Fiktionale Darstellung</marc:subfield>
   </marc:datafield>
   <marc:datafield ind1=" " ind2=" " tag="653">
      <marc:subfield code="a">Erzählende Literatur</marc:subfield>
   </marc:datafield>
   <marc:datafield ind1="0" ind2="0" tag="245">
      <marc:subfield code="a">Was der Fluss erzählt</marc:subfield>
   </marc:datafield>
   <marc:datafield ind1="0" ind2="0" tag="245">
      <marc:subfield code="c">Setterfield, Diane</marc:subfield>
   </marc:datafield>
   <marc:datafield ind1=" " ind2="1" tag="264">
      <marc:subfield code="a">München</marc:subfield>
      <marc:subfield code="b">Blessing</marc:subfield>
      <marc:subfield code="c">2020</marc:subfield>
   </marc:datafield>
   <marc:datafield ind1=" " ind2=" " tag="250">
      <marc:subfield code="a">1. Auflage</marc:subfield>
   </marc:datafield>
   <marc:datafield ind1="1" ind2=" " tag="520">
      <marc:subfield code="a">Angaben aus der Verlagsmeldung &#xD;
&#xD;
 Was der Fluss erzählt  : Roman  Once upon a River  / von Diane Setterfield&#xD;
&#xD;
Eine stürmische Winternacht im ländlichen England des späten 19. Jahrhunderts: In der uralten Gaststube des "Swan" sitzen die Bewohner von Radcot zusammen und wärmen sich an ihren Geschichten und Getränken, als ein schwer verletzter Mann mit einem leblosen Mädchen im Arm hereinstolpert. Eine Krankenschwester wird gerufen, die nur noch den Tod des Kindes feststellen kann. Als sie jedoch ein paar Stunden später die Todesursache festzustellen versucht, bemerkt sie, dass das Kind atmet und sich bewegt. Ein Wunder? Oder etwa Zauberei? Oder gibt es dafür eine wissenschaftliche Erklärung? Und woher kommt das Mädchen?&#xD;
&#xD;
            &#xD;
Ein stimmungsvoller Roman, der einen davonträgt wie ein Fluss, in eine Welt, in der Imagination und Wirklichkeit sich überlagern.</marc:subfield>
   </marc:datafield>
   <marc:datafield ind1=" " ind2=" " tag="020">
      <marc:subfield code="a">9783896673299</marc:subfield>
      <marc:subfield code="9">9783896673299</marc:subfield>
   </marc:datafield>
   <marc:datafield ind1=" " ind2=" " tag="020">
      <marc:subfield code="a">3896673297</marc:subfield>
      <marc:subfield code="9">3896673297</marc:subfield>
   </marc:datafield>
   <marc:datafield ind1=" " ind2=" " tag="041">
      <marc:subfield code="a">ger</marc:subfield>
   </marc:datafield>
   <marc:datafield ind1=" " ind2=" " tag="300">
      <marc:subfield code="b">Illustrationen</marc:subfield>
   </marc:datafield>
   <marc:datafield ind1=" " ind2=" " tag="338">
      <marc:subfield code="a">Band</marc:subfield>
   </marc:datafield>
   <marc:datafield ind1=" " ind2=" " tag="300">
      <marc:subfield code="a">572 Seiten</marc:subfield>
   </marc:datafield>
</marc:record>
